| 000 | 00578nam a22002057a 4500 | ||
|---|---|---|---|
| 005 | 20130911112654.0 | ||
| 010 | _aENG-108275 | ||
| 020 |
_c160.00 _a9789382363026 |
||
| 020 |
_c160.00 _a9382363025 |
||
| 035 | _aEN-91808 | ||
| 037 | _bDBAD/PUB | ||
| 082 | _aS | ||
| 100 | _aRaghunandan | ||
| 245 |
_aHumanscapes : _cby Raghunandan _bstories on human nature / |
||
| 260 |
_aNew Delhi _bMind Melodies _c2013 |
||
| 270 |
_aB-65, Mansa Ram Park, near Master Palace _bNew Delhi _e11005907 |
||
| 300 |
_a176p. _c20cm(pbk) |
||
| 500 | _aIncludes index | ||
| 942 |
_2ddc _cEN _mRAG _hS |
||
| 999 |
_c78361 _d78361 |
||